Visual Basic 2005 demystified (Record no. 61843)

000 -LEADER
fixed length control field 00652nam a22002057a 4500
003 - CONTROL NUMBER IDENTIFIER
control field NUST-PNEC
005 - DATE AND TIME OF LATEST TRANSACTION
control field 20170116180733.0
008 - FIXED-LENGTH DATA ELEMENTS--GENERAL INFORMATION
fixed length control field 141119b xxu||||| |||| 00| 0 eng d
020 ## - INTERNATIONAL STANDARD BOOK NUMBER
International Standard Book Number 0072261714
040 ## - CATALOGING SOURCE
Transcribing agency PNEC
082 ## - DEWEY DECIMAL CLASSIFICATION NUMBER
Classification number 005.133 KEN
100 ## - MAIN ENTRY--PERSONAL NAME
9 (RLIN) 1006
Personal name Kent Jeffrey A
245 ## - TITLE STATEMENT
Title Visual Basic 2005 demystified
Statement of responsibility, etc. Jeffrey A Kent
260 ## - PUBLICATION, DISTRIBUTION, ETC.
Place of publication, distribution, etc. New York : McGraw-Hill, 2006.
300 ## - PHYSICAL DESCRIPTION
Extent xxvi, 333 p. :
Other physical details ill. :
500 ## - GENERAL NOTE
General note Includes index.
650 ## - SUBJECT ADDED ENTRY--TOPICAL TERM
General subdivision MIS, Computer
856 ## - ELECTRONIC LOCATION AND ACCESS
Uniform Resource Identifier <a href="http://www.amazon.com/Visual-Basic-2005-Demystified-Jeff/dp/0072261714/ref=sr_1_8?ie=UTF8&qid=1416379146&sr=8-8&keywords=0072261714">http://www.amazon.com/Visual-Basic-2005-Demystified-Jeff/dp/0072261714/ref=sr_1_8?ie=UTF8&qid=1416379146&sr=8-8&keywords=0072261714</a>
942 ## - ADDED ENTRY ELEMENTS (KOHA)
Source of classification or shelving scheme
Koha item type Book
Holdings
Withdrawn status Lost status Source of classification or shelving scheme Damaged status Not for loan Permanent Location Current Location Shelving location Date acquired Source of acquisition Cost, normal purchase price Total Checkouts Full call number Barcode Date last seen Cost, replacement price Price effective from Koha item type
          Pakistan Navy Engineering College (PNEC) Pakistan Navy Engineering College (PNEC)   05/30/2007 Siddiqui Enterprises 1447.00   005.133 KEN PNECLIB-028289 11/19/2014 1447.00 05/30/2007 Book
© 2023 Central Library, National University of Sciences and Technology. All Rights Reserved.